Юбилейный сборник к 10-летию Октября о работе и деятельности Азербайджанского общества Красного полумесяца. Вып. 1 (Запись № 13591684)

Подробности
000 -МАРКЕР
контрольное поле 01305nam2a2200229 4500
001 - ИДЕНТИФИКАТОР ЗАПИСИ
контрольное поле rc\2903911
005 - ИДЕНТИФИКАТОР ВЕРСИИ
контрольное поле 20260315053838.0
035 ## - ДРУГИЕ СИСТЕМНЫЕ НОМЕРА
Идентификатор записи (NLR Aleph) 007055113
100 ## - ДАННЫЕ ОБЩЕЙ ОБРАБОТКИ
Данные общей обработки 20110730d1927 u y0rusy50 ca
101 0# - ЯЗЫК РЕСУРСА
Язык текста, звукозаписи и т.д. русский
102 ## - СТРАНА ПУБЛИКАЦИИ ИЛИ ПРОИЗВОДСТВА
Страна публикации Российская Федерация
105 ## - ПОЛЕ КОДИРОВАННЫХ ДАННЫХ: ТЕКСТОВЫЕ МАТЕРИАЛЫ, МОНОГРАФИЧЕСКИЕ
Кодированные данные о монографическом текстовом документе y z |||||
200 0# - ЗАГЛАВИЕ И СВЕДЕНИЯ ОБ ОТВЕТСТВЕННОСТИ
Основное заглавие Вып. 1
210 ## - ПУБЛИКАЦИЯ, РАСПРОСТРАНЕНИЕ И ДР.
Дата издания, распространения и т.д. 1927
215 ## - ФИЗИЧЕСКАЯ ХАРАКТЕРИСТИКА
Специфическое обозначение материала и объем 173 с.
Сопроводительный материал ил. на отд. л.
461 #0 - УРОВЕНЬ НАБОРА
Встроенное поле 001rc\2903910
-- 2000#$aЮбилейный сборник к 10-летию Октября о работе и деятельности Азербайджанского общества Красного полумесяца$fПод. ред. д-ра А.Г. Казимова и А.М. Джамалинского$vВып. 1
Системный номер (АБИС) связанной записи 6229592
Автор Общество Красного Полумесяца АзССР (Баку)
Место публикации Баку
Дата публикации 1927
Первые сведения об ответственности Под. ред. д-ра А.Г. Казимова и А.М. Джамалинского
Имя издателя, распространителя и т.д. Гл. упр. Азерб. о-ва Красн. полумесяца
Заглавие Юбилейный сборник к 10-летию Октября о работе и деятельности Азербайджанского общества Красного полумесяца
Номер тома Вып. 1
801 #0 - ИСТОЧНИК ЗАПИСИ
Страна Российская Федерация
Организация NLR
Правила каталогизации psbo
801 #1 - ИСТОЧНИК ЗАПИСИ
Страна Российская Федерация
Организация ELAR
Источник данных rusmarc
852 ## - МЕСТОНАХОЖДЕНИЕ И ШИФР ХРАНЕНИЯ
Идентификатор организации NLR
Шифр хранения (Call Number) 48/381
942 ## - ДОПОЛНИТЕЛЬНЫЕ ЭЛЕМЕНТЫ ЗАПИСИ (АБИС)
Тип экземпляра АБИС Неопределено
980 ## - КОЛЛЕКЦИЯ
Название коллекции Национальная библиография

Нет доступных экземпляров.